Campeões da Copa do Mundo FIFA (jogadores) - Morte súbita - Statistics

Estatísticas Gerais
  • Esse quiz foi jogado 2 012 vezes
  • A pontuação média é 13 de 41
Answers on the Grid
Answers color-coded by a green-red scale on the quiz's grid according to % correct below.
Lionel Messi
Julián Alvarez
Lautaro Martinez
Paulo Dybala
Presnel Kimpembe
N'Golo Kanté
Paul Pogba
Kylian Mbappé
Olivier Giroud
Ousmane Dembélé
Antoine Griezmann
Manuel Neuer
Toni Kroos
Miroslav Klose
Mario Götze
Philipp Lahm
Mesut Özil
Bastian Schweinsteiger
Iker Casillas
Xabi Alonso
Sergio Ramos
Andrés Iniesta
Fernando Torres
Gianluigi Buffon
Francesco Totti
Fabio Cannavaro
Andrea Pirlo
Ronaldo (R9)
Ronaldinho
Roberto Carlos
Thierry Henry
Marcel Desailly
Jürgen Klinsmann
Rudi Völler
Lothar Matthäus
Diego Maradona
Franz Beckenbauer
Gerd Müller
Pelé
Sir Bobby Charlton
Fritz Walter
Marco Reus
Paolo Maldini
Roberto Baggio
Johan Cruyff
Oliver Kahn
Franck Ribéry
Arjen Robben
Luka Modric
Michael Ballack
Zlatan Ibrahimovic
Neymar
Marc-André ter Stegen
Joshua Kimmich
David Beckham
Luis Figo
Marco van Basten
Lev Yashin
Ryan Giggs
Peter Schmeichel
Steven Gerrard
Andrij Schewtschenko
Dennis Bergkamp
Ferenc Puskás
Sergio Agüero
Rodri
Alisson
Daniel Carvajal
 
Estatísticas das Respostas
Resposta % Correto
Pelé
45%
Lionel Messi
44%
Ronaldo (R9)
42%
Andrés Iniesta
41%
Kylian Mbappé
41%
Diego Maradona
40%
Ronaldinho
40%
Manuel Neuer
39%
Sergio Ramos
39%
Toni Kroos
39%
Iker Casillas
38%
Olivier Giroud
38%
Roberto Carlos
38%
Antoine Griezmann
37%
Paul Pogba
36%
Mario Götze
35%
N'Golo Kanté
35%
Xabi Alonso
35%
Gianluigi Buffon
34%
Andrea Pirlo
33%
Julián Alvarez
33%
Miroslav Klose
33%
Philipp Lahm
33%
Fabio Cannavaro
32%
Lautaro Martinez
32%
Fernando Torres
31%
Franz Beckenbauer
31%
Gerd Müller
31%
Mesut Özil
31%
Thierry Henry
31%
Bastian Schweinsteiger
30%
Ousmane Dembélé
29%
Paulo Dybala
28%
Sir Bobby Charlton
28%
Lothar Matthäus
25%
Presnel Kimpembe
23%
Francesco Totti
22%
Marcel Desailly
18%
Rudi Völler
15%
Jürgen Klinsmann
14%
Fritz Walter
10%
Nenhum quiz correspondente encontrado
Distribuição das Pontuações
Porcentagem de Pessoas com Cada Pontuação
Percentil de Números Respondidos
Sua Pontuação Histórica
Você não jogou esse quiz